00776nam a2200193Ia 4500008004100000020001500041041001200056082001600068100001600084245005500100260003600155300000800191650001600199700001300215942000700228999001500235952017100250952016100421221030s9999 xx 000 0 und d a8173172153 aEnglish a105.23bsIN aV. P. Singh 0aLearn Yourself Photoshopcby V. P. Singh, M. Singh bAsia Pub HouseaNew Delhic2000 a256 aBE Computer aM. Singh cBK c7286d7286 pBE 3578g142.00l0o105.23 sINr2024-06-13 00:00:00w2022-10-30yBK003Print4070aMIETLIBbMIETLIBcBL-Academic Block C, FL-2, CUP-48, SH-3, R-3d2001-04-0510HBE pBE 3579g142.00l0o105.23 sINr2024-06-13 00:00:00w2022-10-30yBK003Print4071aMIETLIBbMIETLIBcBL-Second, FL-1, CUP-77, SH-1, R-1d2001-04-0510HBE